Ribe Jadrana - Statistics

General Stats
  • This quiz has been taken 8 times
  • The average score is 6 of 16
Answer Stats
Picture Answer % Correct
Grdobina
88%
Fratar
50%
Gavun
50%
Kanjac
50%
Kovač
50%
Arbun
38%
Bukva
38%
Cipal
38%
Glavoč
38%
Lokarda
38%
Morska mačka
38%
Gof
25%
Kirnja
25%
Kokot
25%
Lubin
25%
Modrulj
25%
No matching quizzes found
Score Distribution
Percent of People with Each Score
Percentile by Number Answered
Your Score History
You have not taken this quiz